000 00454nam a2200157 4500
001 127231
003 ES-MaACL
005 20230906192953.0
007 t|
008 070214s1915 fr r ||||1| fre d
100 1 _aReynaud, Louis.
_996618
245 1 0 _aHistoire générale de l'influence française en Allemagne /
_cLouis Reynaud.
260 _aCoulommiers :
_bPaul Brodard,
_c1915.
300 _aVIII, 554 p. ;
_c12 cm.
852 _aES-MaACL
_jF-6802
999 _c127231
_d127231